000
00301nam a22001337a 4500
999
_c
15290
_d
15290
020
_a
0-471-88352-2
082
_a
631.4
_b
FOT/FO
100
_a
Foth, Henry D.
_9
2931
245
_a
Fundamentals of soil science
250
_a
7
260
_a
U.S.A
_b
John wiley & sons
_c
1984
300
_a
435
942
_c
BK